01138nab a22002657a 4500999001500000003000400015005001700019008004100036040001100077100003500088245010000123260007300223300001200296500003800308505007500346505008900421650002800510650005800538650002900596650003800625650003100663650002300694773014200717942001300859 c5310d5310OSt20250218105606.0190603e xxum|||| |||| 00| 0 spa d cPJ-TDF 96362aBalducci, Carla Gabriela10aDirectivas médicas anticipadas en niños, niñas y adolescentes /cCarla Gabriela Balducci. cCiudad Autónoma de Buenos Aires :aThomson Reuters La Ley, b2024. ap. 5-13 aCita: TR LALEY AR/DOC/2767/2024.  aSumario: I. Introducción.— II. Desarrollo.— III. Conclusiones.  t¿Te interesa el texto completo? Solicitalo al correo: koha@justierradelfuego.gov.ar 09967aDERECHO DE FAMILIA 092741aDERECHOS DE LAS NIÑAS, NIÑOS Y ADOLESCENTES 091253aDERECHO A LA SALUD 094097aINTERES SUPERIOR DEL NIÑO 094378aDERECHO A SER OÍDO 095662aADOLESCENTES0 0271393170dCiudad Autónoma de Buenos Aires : Thomson Reuters La Ley, 2015-tRevista Código Civil y Comercial. Nº 6 - Diciembre 2024 2udccANA